LEGAL LANGUAGE AND LEGAL WRITING (Record no. 9577)
[ view plain ]
| 000 -LEADER | |
|---|---|
| fixed length control field | 00332nam a22001457a 4500 |
| 003 - CONTROL NUMBER IDENTIFIER | |
| control field | SGT |
| 082 ## - DEWEY DECIMAL CLASSIFICATION NUMBER | |
| Classification number | 808.06634,MYN |
| 100 ## - MAIN ENTRY--PERSONAL NAME | |
| Personal name | MYNENI,S.R |
| 245 ## - TITLE STATEMENT | |
| Title | LEGAL LANGUAGE AND LEGAL WRITING |
| 250 ## - EDITION STATEMENT | |
| Edition statement | 1ST |
| 260 ## - PUBLICATION, DISTRIBUTION, ETC. (IMPRINT) | |
| Place of publication, distribution, etc | HYDRAWAD |
| Name of publisher, distributor, etc | HYDRABAD |
| Year of Publication | ASIA PUBLICATION |
| 300 ## - PAGE DESCRIPTION | |
| No. of Pages | 572 |
| 650 ## - SUBJECT ADDED ENTRY--TOPICAL TERM | |
| Topical term or geographic name as entry element | LANGUAGE AND WRITING |
| 942 ## - ADDED ENTRY ELEMENTS (KOHA) | |
| Source of classification or shelving scheme | Dewey Decimal Classification |
| Koha item type | Books |
| 942 ## - ADDED ENTRY ELEMENTS (KOHA) | |
| -- | 3 |
| Withdrawn status | Lost status | Source of classification or shelving scheme | Damaged status | Not for loan | Collection code | Home library | Current library | Shelving location | Date acquired | Vendor Name | Cost, normal purchase price | SGTU | Bill Number | Total Checkouts | Full call number | Accession No. (Barcode) | Date last seen | Date last borrowed | Bill Date | Koha item type |
|---|---|---|---|---|---|---|---|---|---|---|---|---|---|---|---|---|---|---|---|---|
| Dewey Decimal Classification | LAW | SGT Science & Social Sciences Library | SGT Science & Social Sciences Library | Text Book | 21/07/2016 | SATYAM BOOKS | 360.00 | SGTU | 985 | 3 | 808.06634,MYN | FL108 | 30/12/2024 | 18/12/2024 | 22/01/2014 | Books | ||||
| Dewey Decimal Classification | Not For Loan | LAW | SGT Science & Social Sciences Library | SGT Science & Social Sciences Library | Reference Book | 21/07/2016 | SATYAM BOOKS | 360.00 | SGTU | 985 | 808.06634,MYN | FL109 | 21/07/2016 | 22/01/2014 | Books |